| 000 | 00648nam a22002532 4500 | ||
|---|---|---|---|
| 001 | 0000019895 | ||
| 003 | |||
| 005 | 20151217152203.0 | ||
| 008 | 110303s xx 000 0 eng d | ||
| 010 | _a | ||
| 020 |
_a _c$ |
||
| 040 |
_aKABU _cKABU |
||
| 100 | 1 |
_aLiebenberg, Sandra, _d _@0000179879 |
|
| 245 | 1 | 0 |
_aSouth Africa's evolving jurisprudence on socio-economic rights : _ban effective tool in challenging poverty? / _c |
| 250 | _a ed. | ||
| 260 |
_a _b _c |
||
| 300 |
_a[118] p. : _b _c cm. |
||
| 440 | 0 | _a | |
| 500 | _aPhotocopy of chapter. | ||
| 650 | 0 |
_a _x |
|
| 690 | _a | ||
| 908 | _a110303 | ||
| 999 |
_c9121 _d9121 |
||